000 01597nam a22003614a 4500
001 ebr10004880
003 CaPaEBR
006 m u
007 cr cn|||||||||
008 990921s2000 ctu sb 001 0 eng
010 _z 99049048
020 _z0313313075 (alk. paper)
040 _aCaPaEBR
_cCaPaEBR
035 _a(OCoLC)232160908
050 1 4 _aHQ1090.5.N7
_bH35 2000eb
082 0 4 _a305.38/9623/09747
_221
100 1 _aHandel, Gerald.
245 1 0 _aMaking a life in Yorkville
_h[electronic resource] :
_bexperience and meaning in the life-course narrative of an urban working-class man /
_cby Gerald Handel.
260 _aWestport, Conn. :
_bGreenwood Press,
_c2000.
300 _axviii, 149 p.
490 1 _aContributions in sociology,
_x0084-9278 ;
_vno. 130
504 _aIncludes bibliographical references ([p. 141]-146) and index.
533 _aElectronic reproduction.
_bPalo Alto, Calif. :
_cebrary,
_d2013.
_nAvailable via World Wide Web.
_nAccess may be limited to ebrary affiliated libraries.
650 0 _aMiddle-aged men
_zNew York (State)
_zNew York.
650 0 _aWorking class
_zNew York (State)
_zNew York.
650 0 _aCity and town life
_zNew York (State)
_zNew York.
651 0 _aYorkville (New York, N.Y.)
_xSocial conditions.
651 0 _aYorkville (New York, N.Y.)
_xEconomic conditions.
655 7 _aElectronic books.
_2local
710 2 _aebrary, Inc.
830 0 _aContributions in sociology ;
_vno. 130.
856 4 0 _uhttp://site.ebrary.com/lib/rucke/Doc?id=10004880
_zAn electronic book accessible through the World Wide Web; click to view
999 _c3215
_d3215